[Event "Aragon-chT Preferente B"]
[Site "Aragon"]
[Date "2017.02.25"]
[Round "5.56"]
[White "Sanchez Perez, Carlos"]
[Black "Abad Vinas, Jesus Manuel"]
[Result "0-1"]
[WhiteElo "1552"]
[BlackElo "1760"]
[PlyCount "156"]
[EventDate "2017.01.28"]
[EventType "team-tourn"]
[EventRounds "9"]
[EventCountry "ESP"]
[SourceTitle "EXT 2018"]
[Source "ChessBase"]
[SourceDate "2017.10.13"]
[SourceVersion "1"]
[SourceVersionDate "2017.10.13"]
[SourceQuality "1"]
[WhiteTeam "Delicias II"]
[BlackTeam "St Casablanca IV"]
[WhiteTeamCountry "ESP"]
[BlackTeamCountry "ESP"]

1. d4 Nf6 2. Nf3 e6 3. Nbd2 d5 4. e3 Bd6 5. c4 c6 6. c5 Bc7 7. b4 Nbd7 8. Bb2 0-0 9. Bd3 Qe7 10. Qc2 h6 11. a4 e5 12. dxe5 Nxe5 13. Nxe5 Bxe5 14. Bxe5 Qxe5 15. 0-0 Be6 16. Rae1 Rad8 17. f4 Qc7 18. Nf3 Rfe8 19. Nd4 Bc8 20. h3 Ne4 21. Rf3 Qe7 22. Bxe4 Qxe4 23. Qc3 Qg6 24. Kh2 Re4 25. Rg3 Qf6 26. b5 Rde8 27. Qd2 Bd7 28. Rf3 Qh4 29. Rg1 Qe7 30. bxc6 bxc6 31. Re1 Qxc5 32. Rc1 Qd6 33. Qc3 Qf6 34. Qa3 Rc8 35. Qc5 Qe7 36. Ne2 Qxc5 37. Rxc5 Rxa4 38. Nd4 Ra2 39. Kg3 a5 40. f5 a4 41. Rf1 Re8 42. Kf3 Ra3 43. Re1 Rd3 44. Nxc6 Bxc6 45. Rxc6 d4 46. Ra6 a3 47. Ra1 Rexe3+ 48. Kf4 Rd2 49. R1xa3 Rf2+ 50. Kg4 Rxg2+ 51. Kf4 Rf2+ 52. Kg4 Re4+ 53. Kg3 Rxf5 54. Ra8+ Kh7 55. Rd8 Re3+ 56. Rxe3 dxe3 57. Re8 Kg6 58. Rxe3 h5 59. h4 Kf6 60. Rb3 g6 61. Rb6+ Ke5 62. Rb5+ Ke4 63. Rb4+ Kd3 64. Rb3+ Kc4 65. Re3 Rf1 66. Re4+ Kd5 67. Ra4 Rg1+ 68. Kh3 f5 69. Ra5+ Kc4 70. Ra4+ Kb3 71. Rf4 Rg4 72. Rf3+ Kc4 73. Ra3 f4 74. Ra4+ Kb5 75. Re4 Kc5 76. Ra4 f3 77. Ra3 Rf4 78. Kg3 f2 0-1

[Event "Aragon-chT Preferente B"]
[Site "Aragon"]
[Date "2016.02.20"]
[Round "4.71"]
[White "Abad Vinas, Jesus Manuel"]
[Black "Aranda Lozano, Jorge"]
[Result "1-0"]
[WhiteElo "1752"]
[BlackElo "1719"]
[PlyCount "43"]
[EventDate "2016.01.30"]
[EventType "team-tourn"]
[EventRounds "9"]
[EventCountry "ESP"]
[SourceTitle "EXT 2018"]
[Source "ChessBase"]
[SourceDate "2017.10.13"]
[SourceVersion "1"]
[SourceVersionDate "2017.10.13"]
[SourceQuality "1"]
[WhiteTeam "St Casablanca III"]
[BlackTeam "Delicias II"]
[WhiteTeamCountry "ESP"]
[BlackTeamCountry "ESP"]

1. e4 c5 2. Nc3 d6 3. Bc4 e6 4. f4 Nf6 5. d3 Nc6 6. Nf3 Be7 7. 0-0 a6 8. Qe1 0-0 9. e5 dxe5 10. fxe5 Nd7 11. Qg3 Re8 12. Bh6 g6 13. Rae1 b5 14. Bb3 Nb6 15. a3 Nd4 16. Nxd4 Qxd4+ 17. Be3 Qd7 18. Qf2 Bf8 19. Ne4 Bg7 20. Nxc5 Qc7 21. Ne4 Nd7 22. Qxf7+ 1-0

[Event "Zaragoza Province-ch Primera"]
[Site "Zaragoza"]
[Date "2015.10.04"]
[Round "2"]
[White "Salas Calvo, Alberto"]
[Black "Abad Vinas, Jesus Manuel"]
[Result "0-1"]
[WhiteElo "1670"]
[BlackElo "1810"]
[PlyCount "68"]
[EventDate "2015.09.27"]
[EventType "swiss"]
[EventRounds "6"]
[EventCountry "ESP"]
[SourceTitle "CBM 170 Extra"]
[Source "ChessBase"]
[SourceDate "2016.02.25"]
[SourceVersion "1"]
[SourceVersionDate "2016.02.25"]
[SourceQuality "1"]

1. d4 e6 2. e4 c5 3. d5 exd5 4. exd5 d6 5. Nc3 Be7 6. Nf3 Nf6 7. Be2 0-0 8. 0-0 a6 9. a4 b6 10. Nd2 Bf5 11. Nc4 Nbd7 12. Bf4 Qc7 13. h3 Rfe8 14. Bh2 Bf8 15. f4 Ne4 16. g4 Nxc3 17. bxc3 Be4 18. Rb1 Bxd5 19. Qxd5 Nf6 20. Qf3 d5 21. Nxb6 Rab8 22. a5 c4 23. f5 Qc5+ 24. Kh1 Rbd8 25. Bg1 Qxa5 26. Rfe1 Ne4 27. Ra1 Qb5 28. Bxc4 dxc4 29. Rxe4 Rxe4 30. Qxe4 Qb2 31. Rf1 Qxc3 32. Qxc4 Qxh3+ 33. Bh2 Rd2 34. Qf4 Qg2# 0-1

[Event "Aragon-chT Preferente B"]
[Site "Aragon"]
[Date "2015.03.07"]
[Round "7.67"]
[White "Abad Vinas, Jesus Manuel"]
[Black "Lopez Guaita, Fernando"]
[Result "1/2-1/2"]
[WhiteElo "1831"]
[BlackElo "1967"]
[PlyCount "52"]
[EventDate "2015.01.24"]
[EventType "team-tourn"]
[EventRounds "9"]
[EventCountry "ESP"]
[SourceTitle "EXT 2017"]
[Source "ChessBase"]
[SourceDate "2016.10.25"]
[SourceVersion "1"]
[SourceVersionDate "2016.10.25"]
[SourceQuality "1"]
[WhiteTeam "St Casablanca IV"]
[BlackTeam "Agrupacion II"]
[WhiteTeamCountry "ESP"]
[BlackTeamCountry "ESP"]

1. c4 Nf6 2. Nf3 g6 3. g3 Bg7 4. Bg2 d6 5. d4 0-0 6. 0-0 Nbd7 7. Nc3 Re8 8. d5 e5 9. dxe6 Rxe6 10. Nd4 Re8 11. Bg5 h6 12. Bf4 Nc5 13. f3 Ne6 14. Nxe6 Bxe6 15. Qd3 Nd7 16. Nd5 Ne5 17. Bxe5 Bxe5 18. f4 Bg7 19. Nc3 c6 20. e4 Qb6+ 21. Kh1 Qxb2 22. e5 dxe5 23. Rab1 Qa3 24. Rxb7 exf4 25. Rb3 Qc5 26. Rxf4 Rad8 1/2-1/2

[Event "Aragon-chT Preferente B"]
[Site "Aragon"]
[Date "2015.01.31"]
[Round "2.60"]
[White "Solano Lasierra, Javier"]
[Black "Abad Vinas, Jesus Manuel"]
[Result "1-0"]
[WhiteElo "2167"]
[BlackElo "1831"]
[PlyCount "45"]
[EventDate "2015.01.24"]
[EventType "team-tourn"]
[EventRounds "9"]
[EventCountry "ESP"]
[SourceTitle "EXT 2017"]
[Source "ChessBase"]
[SourceDate "2016.10.25"]
[SourceVersion "1"]
[SourceVersionDate "2016.10.25"]
[SourceQuality "1"]
[WhiteTeam "La Aurora Estadilla"]
[BlackTeam "St Casablanca IV"]
[WhiteTeamCountry "ESP"]
[BlackTeamCountry "ESP"]

1. e4 c5 2. Nc3 g6 3. Bc4 e6 4. a3 Bg7 5. d3 Nc6 6. Ba2 Nge7 7. h4 h5 8. Bg5 0-0 9. g4 hxg4 10. Qd2 Qb6 11. 0-0-0 d5 12. Bh6 Bf6 13. h5 Rd8 14. Bg5 Be5 15. f4 gxf3 16. Nxf3 dxe4 17. Nxe5 Nxe5 18. Bxe7 Rd7 19. Bf6 Ng4 20. Nxe4 e5 21. Qg5 Nxf6 22. Nxf6+ Kf8 23. hxg6 1-0

[Event "Aragon-chT Preferente A"]
[Site "Aragon"]
[Date "2013.03.09"]
[Round "7.51"]
[White "Llanes Luno, Pedro Alfredo"]
[Black "Abad Vinas, Jesus Manuel"]
[Result "1-0"]
[WhiteElo "2102"]
[BlackElo "1872"]
[PlyCount "81"]
[EventDate "2013.01.26"]
[EventType "team"]
[EventRounds "9"]
[EventCountry "ESP"]
[SourceTitle "EXT 2014"]
[Source "ChessBase"]
[SourceDate "2013.11.20"]
[SourceVersion "1"]
[SourceVersionDate "2013.11.20"]
[SourceQuality "1"]
[WhiteTeam "Delicias CCOO"]
[BlackTeam "Ramiro III"]
[WhiteTeamCountry "ESP"]
[BlackTeamCountry "ESP"]

1. e4 d6 2. d4 Nf6 3. Nc3 g6 4. Bg5 Bg7 5. Qd2 h6 6. Bh4 0-0 7. f4 Nc6 8. Nf3 e5 9. dxe5 dxe5 10. Qxd8 Nxd8 11. Nxe5 Ne6 12. Nd3 c6 13. e5 Nd7 14. Bf2 f6 15. exf6 Nxf6 16. Be2 Nd5 17. Nxd5 cxd5 18. Bf3 Kh7 19. g3 Nd4 20. Bxd4 Bxd4 21. 0-0-0 Be6 22. Rhe1 Bf7 23. Re7 Kg8 24. c3 Rac8 25. Bg4 Rc4 26. Rxb7 g5 27. Be2 Be3+ 28. Kc2 Bg6 29. Kb3 a5 30. a3 Be8 31. Rf1 Bc6 32. Re7 Ba4+ 33. Ka2 Re4 34. Ne5 Rb8 35. Bd3 Bb3+ 36. Ka1 Bc5 37. Rc7 Bd6 38. Rd7 Bxa3 39. bxa3 Ra4 40. Bh7+ Kf8 41. fxg5+ 1-0